Проектирование и изготоление специализированной расчетной модели на постоянном токе системы "Томскэнерго": отчет о НИР; тема: № 22/65

Մատենագիտական մանրամասներ
Համատեղ հեղինակ: Томский политехнический институт (ТПИ) (595)
Այլ հեղինակներ: Борисов Р. И. (руководитель), Литвак В. В. Валерий Владимирович (исполнитель)
Լեզու:ռուսերեն
Հրապարակվել է: Томск, 1965
Խորագրեր:
Ձևաչափ: MixedMaterials Գիրք
KOHA link:https://koha.lib.tpu.ru/cgi-bin/koha/opac-detail.pl?biblionumber=187474

MARC

LEADER 00000nbm0a2200000 4500
001 187474
005 20231229112147.0
035 |a (RuTPU)RU\TPU\book\203431 
090 |a 187474 
100 |a 20101116d1965 k y0rusy50 ca 
101 0 |a rus 
102 |a RU 
105 |a af p 000zy 
200 1 |a Проектирование и изготоление специализированной расчетной модели на постоянном токе системы "Томскэнерго"  |e отчет о НИР  |e тема: № 22/65  |f Томский политехнический институт (ТПИ) ; рук. Р. И. Борисов ; исп. В. В. Литвак 
210 |a Томск  |d 1965 
215 |a 90 л.  |c черт. 
610 1 |a отчеты о НИР 
610 1 |a специализированные модели 
610 1 |a постоянный ток 
610 1 |a проектирование 
610 1 |a изготовление 
610 1 |a Томскэнерго 
610 1 |a линии электропередачи 
610 1 |a нагрузки 
610 1 |a трансформаторы 
610 1 |a генераторы 
610 1 |a описание модели 
610 1 |a труды учёных ТПУ 
675 |a 621.3  |v 3 
702 1 |a Борисов  |b Р. И.  |4 673 
702 1 |a Литвак  |b В. В.  |c специалист в области теплоэнергетики  |c профессор Томского политехнического университета, доктор технических наук  |f 1940-  |g Валерий Владимирович  |3 (RuTPU)RU\TPU\pers\25676  |4 677  |9 11587 
712 0 2 |a Томский политехнический институт (ТПИ)  |c (1944-1991)  |3 (RuTPU)RU\TPU\col\1123  |4 595 
801 1 |a RU  |b 63413507  |c 20101116 
801 2 |a RU  |b 63413507  |c 20140228  |g RCR 
942 |c BK